000 00261nam a2200109Ia 4500
008 190216s9999||||xx |||||||||||||| ||und||
100 _aMittal P & Mittak R
245 0 _aCivil Objectives
260 _bG K Publishers
_c1998
300 _a987p
942 _cREF
999 _c36450
_d36450